English Kings with non-reigning fathers - Statistics

General Stats
  • This quiz has been taken 124 times
  • The average score is 12 of 14
Answer Stats
King % Correct
William the Conqueror
98%
James I
95%
George I
93%
Henry VII
93%
Edward IV
92%
George III
90%
Henry II
90%
Henry IV
90%
Richard II
90%
William III
90%
Richard III
89%
Stephen
87%
Edward VII
86%
Harold
58%
No matching quizzes found
Score Distribution
Percent of People with Each Score
Percentile by Number Answered
Your Score History
You have not taken this quiz